Chicken or Beer Quiz Stats

Quiz Updated Oct 7, 2017

Challenge
Share
Tweet
Embed
Score 0/20 Timer 03:00
0 Plays Today
Name (C) for Chicken or (B) for Beer % Correct
Berliner Weisse???
83.7%
Dunkelweizen???
82.9%
Transylvanian Naked-Neck???
81.1%
Dortmunder Export???
81%
Bearded d'Uccle???
77.1%
Rumpless Game???
73.7%
Märzen???
73.1%
Silkie???
72.7%
Sicilian Buttercup???
71.7%
Iowa Blue???
71.1%
Name (C) for Chicken or (B) for Beer % Correct
Oud Bruin???
67.6%
Saison???
65.8%
Russian Orloff???
61%
Gueuze???
58.6%
Ardennaise???
56%
Gotlandsdricka???
55.3%
Antwerp Belgian Bantam???
54.4%
Starozagorska Red???
50.1%
Flanders Red???
48.5%
California Common???
25.6%

You're not logged in!

Compare scores with friends on all Sporcle quizzes.
Join for Free
OR
Log In

You Might Also Like...

Show Comments

Extras

Top Quizzes Today


Score Distribution

Your Account Isn't Verified!

In order to create a playlist on Sporcle, you need to verify the email address you used during registration. Go to your Sporcle Settings to finish the process.

Report this User

Report this user for behavior that violates our Community Guidelines.

Details: